<?xml version="1.0" encoding="UTF-8"?><?xml-stylesheet type="text/xsl" href="static/style.xsl"?><OAI-PMH xmlns="http://www.openarchives.org/OAI/2.0/" xmlns:xsi="http://www.w3.org/2001/XMLSchema-instance" xsi:schemaLocation="http://www.openarchives.org/OAI/2.0/ http://www.openarchives.org/OAI/2.0/OAI-PMH.xsd"><responseDate>2026-06-02T04:32:38Z</responseDate><request verb="GetRecord" identifier="oai:riubu.ubu.es:10259/7264" metadataPrefix="marc">https://riubu.ubu.es/oai/request</request><GetRecord><record><header><identifier>oai:riubu.ubu.es:10259/7264</identifier><datestamp>2023-01-19T01:05:21Z</datestamp><setSpec>com_10259_3847</setSpec><setSpec>com_10259_5086</setSpec><setSpec>com_10259_2604</setSpec><setSpec>col_10259_7109</setSpec></header><metadata><record xmlns="http://www.loc.gov/MARC21/slim" xmlns:doc="http://www.lyncode.com/xoai" xmlns:xsi="http://www.w3.org/2001/XMLSchema-instance" xmlns:dcterms="http://purl.org/dc/terms/" xsi:schemaLocation="http://www.loc.gov/MARC21/slim http://www.loc.gov/standards/marcxml/schema/MARC21slim.xsd">
<leader>00925njm 22002777a 4500</leader>
<datafield tag="042" ind1=" " ind2=" ">
<subfield code="a">dc</subfield>
</datafield>
<datafield tag="720" ind1=" " ind2=" ">
<subfield code="a">Cambra Baseca, Carlos</subfield>
<subfield code="e">author</subfield>
</datafield>
<datafield tag="720" ind1=" " ind2=" ">
<subfield code="a">Sendra, Sandra</subfield>
<subfield code="e">author</subfield>
</datafield>
<datafield tag="720" ind1=" " ind2=" ">
<subfield code="a">Jiménez, José Miguel</subfield>
<subfield code="e">author</subfield>
</datafield>
<datafield tag="720" ind1=" " ind2=" ">
<subfield code="a">Lloret, Jaime</subfield>
<subfield code="e">author</subfield>
</datafield>
<datafield tag="260" ind1=" " ind2=" ">
<subfield code="c">2017-09</subfield>
</datafield>
<datafield tag="520" ind1=" " ind2=" ">
<subfield code="a">Las nuevas tecnologías son la clave para&#xd;
mejorar la sostenibilidad en el sector agrícola y producir&#xd;
alimentos de calidad. Además, el uso de nuevas técnicas de&#xd;
cultivo, como la hidroponía, basada en la producción de&#xd;
alimentos en agua sin necesidad de cultivarlos en tierra,&#xd;
hace que se puedan analizar mejor las necesidades de la&#xd;
planta y proporcionarle las mejores condiciones de&#xd;
crecimiento. En este artículo presentamos el desarrollo de&#xd;
una red de sensores móviles orientada a monitorizar los&#xd;
patrones de necesidades de las plantas y tomar decisiones&#xd;
inteligentes según la captación de datos ambientales&#xd;
obtenida. La red está compuesta por nodos sensores&#xd;
comunicados con transceptores de radio distribuidos en&#xd;
una red mallada, que podría ser fácilmente adaptada a&#xd;
cualquier tipo de uso a petición del profesional. Esta red&#xd;
ha sido probada en un entorno de agricultura&#xd;
hidropónica. Finalmente el artículo muestra los resultados&#xd;
obtenidos en cuanto a tráfico generado, lo que nos&#xd;
permitirá en un futuro, hacer la red escalable.</subfield>
</datafield>
<datafield tag="520" ind1=" " ind2=" ">
<subfield code="a">Trabajo presentado en: XIII Jornadas de Ingeniería Telemática (JITEL), llevadas a cabo del 27 al 29 de septiembre de 2017, por la Universidad Politécnica de Valencia</subfield>
</datafield>
<datafield tag="024" ind2=" " ind1="8">
<subfield code="a">978-84-9048-595-8</subfield>
</datafield>
<datafield tag="024" ind2=" " ind1="8">
<subfield code="a">http://hdl.handle.net/10259/7264</subfield>
</datafield>
<datafield tag="024" ind2=" " ind1="8">
<subfield code="a">10.4995/JITEL2017.2017.6631</subfield>
</datafield>
<datafield ind1=" " ind2=" " tag="653">
<subfield code="a">Smart farming</subfield>
</datafield>
<datafield ind1=" " ind2=" " tag="653">
<subfield code="a">Invernaderos inteligentes</subfield>
</datafield>
<datafield ind1=" " ind2=" " tag="653">
<subfield code="a">Red de sensores en horticultura</subfield>
</datafield>
<datafield ind1=" " ind2=" " tag="653">
<subfield code="a">Agricultura de precisión</subfield>
</datafield>
<datafield ind1=" " ind2=" " tag="653">
<subfield code="a">Sensores hidropónicos</subfield>
</datafield>
<datafield tag="245" ind1="0" ind2="0">
<subfield code="a">Red de Sensores Inalámbricos de Bajo Consumo Energético en Agricultura Hidropónica</subfield>
</datafield>
</record></metadata></record></GetRecord></OAI-PMH>